Decreto sobre el oficio pastoral de los obispos en la Iglesia / (Record no. 189719)

MARC details
000 -LEADER
campo de control de longitud fija 00843nam a2200229 i 4500
001 - NÚMERO DE CONTROL
campo de control 189719
003 - IDENTIFICADOR DE NÚMERO DE CONTROL
campo de control ES-MaACL
005 - FECHA Y HORA DE LA ÚLTIMA TRANSACCIÓN
campo de control 20251003200310.0
007 - CAMPO FIJO DE DESCRIPCIÓN FÍSICA--INFORMACIÓN GENERAL
campo de control de longitud fija t|
008 - DATOS DE LONGITUD FIJA--INFORMACIÓN GENERAL
campo de control de longitud fija 190930s1965 sp ||||1| spa d
111 0# - ENTRADA PRINCIPAL--NOMBRE DE CONGRESO/REUNIÓN
Nombre de congreso/reunión o jurisdicción como elemento de entrada Concilio Vaticano (
Número del congreso/reunión o número de parte o sección 2º.
Fecha del congreso o de la firma del tratado 1962-1965)
9 (RLIN) 122
245 10 - MENCIÓN DEL TÍTULO
Título Decreto sobre el oficio pastoral de los obispos en la Iglesia /
Mención de responsabilidad, etc. [traducción de José Guillén] ; presentación de Mons. N. Jubany obispo de Gerona.
260 ## - PUBLICACIÓN, DISTRIBUCIÓN, ETC.
Lugar de publicación, distribución, etc. Salamanca :
Nombre del editor, distribuidor, etc. Sígueme,
Fecha de publicación, distribución, etc. 1965.
300 ## - DESCRIPCIÓN FÍSICA
Extensión 79 p. ;
Dimensiones 23 cm.
490 1# - MENCIÓN DE SERIE
Mención de serie Colección "Iglesia, Siglo XX" ;
Designación de volumen o secuencia 20
650 07 - PUNTO DE ACCESO ADICIONAL DE MATERIA--TÉRMINO DE MATERIA
Término de materia o nombre geográfico como elemento de entrada Obispos
Fuente del encabezamiento o término embne
9 (RLIN) 15655
700 1# - ENTRADA AGREGADA--NOMBRE PERSONAL
Nombre de persona Guillén, José,
Fechas asociadas al nombre 1913-
9 (RLIN) 60769
700 1# - ENTRADA AGREGADA--NOMBRE PERSONAL
Nombre de persona Jubany i Arnau, Narcís (
Fechas asociadas al nombre 1913-1996)
9 (RLIN) 140069
830 00 - PUNTO DE ACCESO ADICIONAL DE SERIE-TÍTULO UNIFORME
Título uniforme Colección "Iglesia, siglo XX"
Designación de volumen o secuencia 20
9 (RLIN) 182791
852 ## - LOCALIZACIÓN
Ubicación ES-MaACL
Número de control de estantería P-863-Bis-12
Holdings
Estatus retirado Estado de pérdida Estado de daño No para préstamo Biblioteca de origen Biblioteca actual Ubicación en estantería Fecha de adquisición Fuente de adquisición Total de préstamos Signatura topográfica completa Código de barras Visto por última vez Precio de reemplazo Tipo de ítem Koha
        Biblioteca del Ateneo de Madrid Biblioteca del Ateneo de Madrid Depósito 2 30/09/2019     P-863-Bis-12 1201148 23/02/2023 23/02/2023 Libro impreso